000 00371nam a22001337a 4500
082 _a355.4
_bGRI
_cD
100 _aGlass houses and modern war
_949647
245 _aGlass houses and modern war
_bGriffin, jonathan
260 _aLondon
_bChatto and windus
_c1938
300 _a186 pag
526 _a0
_b0
_c0
_d355_400000000000000_GRI
650 _aMCE
_9379
942 _2ddc
_cBK
999 _c552438
_d552438